[Event "Bern op"]
[Site "Bern"]
[Date "1996.??.??"]
[Round "3"]
[White "Muco, Fatos"]
[Black "Zueger, Beat"]
[Result "1/2-1/2"]
[WhiteElo "2425"]
[BlackElo "2465"]
[PlyCount "29"]
[EventDate "1996.02.??"]
[EventType "swiss"]
[EventRounds "9"]
[EventCountry "SUI"]
[SourceTitle "CBM 051 Extra"]
[Source "ChessBase"]
[SourceDate "1996.05.01"]
[SourceVersion "1"]
[SourceVersionDate "1996.05.01"]
[SourceQuality "1"]

1. Nf3 Nf6 2. c4 g6 3. Nc3 Bg7 4. d4 d6 5. g3 0-0 6. Bg2 a6 7. 0-0 c6 8. h3 b5 9. b3 Nbd7 10. Qc2 Bb7 11. Bb2 Re8 12. Rfd1 Qc7 13. Rac1 Rac8 14. e3 Qb8 15. Nd2 1/2-1/2

[Event "Bern op"]
[Site "Bern"]
[Date "1996.??.??"]
[Round "8"]
[White "Schneuwly, Achim"]
[Black "Muco, Fatos"]
[Result "0-1"]
[WhiteElo "2135"]
[BlackElo "2425"]
[PlyCount "80"]
[EventDate "1996.02.??"]
[EventType "swiss"]
[EventRounds "9"]
[EventCountry "SUI"]
[SourceTitle "CBM 051 Extra"]
[Source "ChessBase"]
[SourceDate "1996.05.01"]
[SourceVersion "1"]
[SourceVersionDate "1996.05.01"]
[SourceQuality "1"]

1. d4 Nf6 2. Nf3 e6 3. Nbd2 c5 4. e3 b6 5. Bd3 Bb7 6. 0-0 Be7 7. Qe2 0-0 8. c3 cxd4 9. exd4 d6 10. Re1 Nbd7 11. Nf1 Re8 12. Ng3 Bf8 13. Bg5 h6 14. Bxf6 Nxf6 15. Rad1 a6 16. Qe3 b5 17. Qf4 Qc7 18. h3 e5 19. dxe5 dxe5 20. Nxe5 Bd6 21. Nf5 Bxe5 22. Nxh6+ Kf8 23. Qh4 Bh2+ 24. Kh1 Rxe1+ 25. Rxe1 Re8 26. Rxe8+ Kxe8 27. Nf5 Kd7 28. Nxg7 Qc6 29. Qg5 Bf4 30. Qf5+ Ke7 31. f3 Qd6 32. h4 Bc6 33. Qc8 Bd7 34. Nf5+ Bxf5 35. Qxf5 Nd7 36. g4 Nc5 37. Be2 Ne6 38. g5 Qd2 39. Qf6+ Ke8 40. Qh8+ Kd7 0-1

[Event "Bern op"]
[Site "Bern"]
[Date "1996.??.??"]
[Round "6"]
[White "Voekler, Bernd"]
[Black "Muco, Fatos"]
[Result "1/2-1/2"]
[WhiteElo "2375"]
[BlackElo "2425"]
[PlyCount "34"]
[EventDate "1996.02.??"]
[EventType "swiss"]
[EventRounds "9"]
[EventCountry "SUI"]
[SourceTitle "CBM 051 Extra"]
[Source "ChessBase"]
[SourceDate "1996.05.01"]
[SourceVersion "1"]
[SourceVersionDate "1996.05.01"]
[SourceQuality "1"]

1. e4 c5 2. Nf3 Nc6 3. d4 cxd4 4. Nxd4 g6 5. c4 Nf6 6. Nc3 Nxd4 7. Qxd4 d6 8. Be2 Bg7 9. Bg5 0-0 10. Qe3 Be6 11. 0-0 Qa5 12. Rab1 Rac8 13. b3 a6 14. Rfc1 Rfe8 15. Bh6 Qc5 16. Qxc5 Rxc5 17. Be3 Rcc8 1/2-1/2

[Event "Kavala op"]
[Site "Kavala"]
[Date "1991.??.??"]
[Round "?"]
[White "Bologan, Viktor"]
[Black "Muco, Fatos"]
[Result "1/2-1/2"]
[WhiteElo "2510"]
[BlackElo "2460"]
[PlyCount "88"]
[EventDate "1991.??.??"]
[EventType "swiss"]
[EventRounds "9"]
[EventCountry "GRE"]
[SourceTitle "EXT 2003"]
[Source "ChessBase"]
[SourceDate "2002.11.25"]
[SourceVersion "1"]
[SourceVersionDate "2002.11.25"]
[SourceQuality "1"]

1. e4 c5 2. Nf3 g6 3. d4 cxd4 4. Nxd4 Nc6 5. Nc3 Bg7 6. Be3 Nf6 7. Bc4 Qa5 8. 0-0 0-0 9. Bb3 d6 10. h3 Bd7 11. Re1 Nxd4 12. Bxd4 Bc6 13. Nd5 Bxd5 14. exd5 Rfe8 15. c4 a6 16. Re3 Nh5 17. a3 Bxd4 18. Qxd4 Ng7 19. Bc2 e5 20. dxe6 Rxe6 21. b4 Qc7 22. Ree1 Rae8 23. Red1 Qe7 24. Bd3 Qg5 25. Qb6 Qe7 26. Qa7 Nh5 27. Bf1 Nf4 28. Kh1 g5 29. Kg1 h5 30. Qd4 h4 31. a4 Ne2+ 32. Bxe2 Rxe2 33. Rac1 Qd8 34. a5 R8e4 35. Qc3 Qe7 36. Rd5 Re5 37. Rf1 Qe6 38. Qd4 Rxd5 39. cxd5 Qe5 40. Qc4 Kg7 41. b5 axb5 42. Qxb5 Rb2 43. Qd3 Ra2 44. Qb5 Rb2 1/2-1/2

[Event "Kavala op"]
[Site "Kavala"]
[Date "1991.??.??"]
[Round "?"]
[White "Lirindzakis, Timotheos"]
[Black "Muco, Fatos"]
[Result "1/2-1/2"]
[WhiteElo "2275"]
[BlackElo "2460"]
[PlyCount "63"]
[EventDate "1991.??.??"]
[EventType "swiss"]
[EventRounds "9"]
[EventCountry "GRE"]
[SourceTitle "EXT 2003"]
[Source "ChessBase"]
[SourceDate "2002.11.25"]
[SourceVersion "1"]
[SourceVersionDate "2002.11.25"]
[SourceQuality "1"]

1. c4 Nf6 2. Nf3 e6 3. g3 b6 4. Bg2 Bb7 5. 0-0 c5 6. Nc3 a6 7. Re1 d5 8. cxd5 Nxd5 9. Nxd5 Qxd5 10. d4 cxd4 11. Qxd4 Qxd4 12. Nxd4 Bxg2 13. Kxg2 Bc5 14. Nb3 Bb4 15. Rd1 Nd7 16. Be3 Ke7 17. Rd4 a5 18. Rad1 Ra7 19. a3 Bc5 20. Nxc5 bxc5 21. Rc4 Rb8 22. Rxc5 Rxb2 23. Rg5 Rc7 24. Rd2 Rxd2 25. Bxd2 Rc2 26. Bxa5 g6 27. Bb4+ Kd8 28. e4 e5 29. Rg4 Nf6 30. Rg5 Nd7 31. Rg4 Nf6 32. Rg5 1/2-1/2

[Event "Kavala op"]
[Site "Kavala"]
[Date "1991.??.??"]
[Round "?"]
[White "Muco, Fatos"]
[Black "Blees, Albert"]
[Result "0-1"]
[WhiteElo "2460"]
[BlackElo "2380"]
[PlyCount "74"]
[EventDate "1991.??.??"]
[EventType "swiss"]
[EventRounds "9"]
[EventCountry "GRE"]
[SourceTitle "EXT 2003"]
[Source "ChessBase"]
[SourceDate "2002.11.25"]
[SourceVersion "1"]
[SourceVersionDate "2002.11.25"]
[SourceQuality "1"]

1. Nf3 c5 2. c4 Nc6 3. d4 cxd4 4. Nxd4 Nf6 5. Nc3 e6 6. Ndb5 d5 7. cxd5 Nxd5 8. Nxd5 exd5 9. Qxd5 Bb4+ 10. Bd2 Qe7 11. a3 Bxd2+ 12. Qxd2 0-0 13. Nc3 Rd8 14. Qe3 Qf6 15. g3 Nd4 16. Rc1 Qc6 17. Qe4 Qb6 18. Bg2 Bf5 19. Qxb7 Qxb7 20. Bxb7 Rab8 21. Be4 Bxe4 22. Nxe4 Rxb2 23. e3 Nb3 24. Rc3 Rb1+ 25. Ke2 Rxh1 26. Rxb3 Rxh2 27. Rb7 a6 28. Nd6 h6 29. Rb6 Ra8 30. e4 Rh1 31. e5 Ra1 32. Rb3 a5 33. Nc4 Ra2+ 34. Ke3 a4 35. Rd3 Rb8 36. f3 Rb3 37. Kd4 Rf2 0-1

[Event "Kavala op"]
[Site "Kavala"]
[Date "1991.??.??"]
[Round "?"]
[White "Muco, Fatos"]
[Black "Wahls, Matthias"]
[Result "1/2-1/2"]
[WhiteElo "2460"]
[BlackElo "2560"]
[PlyCount "124"]
[EventDate "1991.??.??"]
[EventType "swiss"]
[EventRounds "9"]
[EventCountry "GRE"]
[SourceTitle "EXT 2003"]
[Source "ChessBase"]
[SourceDate "2002.11.25"]
[SourceVersion "1"]
[SourceVersionDate "2002.11.25"]
[SourceQuality "1"]

1. Nf3 Nf6 2. c4 g6 3. Nc3 Bg7 4. g3 0-0 5. Bg2 d6 6. d4 Nc6 7. d5 Na5 8. b3 c5 9. dxc6 Ne4 10. Nxe4 Bxa1 11. Bh6 Bg7 12. Bxg7 Kxg7 13. cxb7 Bxb7 14. 0-0 Qb6 15. Nc3 e6 16. Qa1 f6 17. Rd1 Kf7 18. Qc1 Rad8 19. Qh6 Kg8 20. Na4 Qc7 21. Qe3 Qe7 22. Qxa7 Nxc4 23. Nd4 Rd7 24. Bxb7 Rxb7 25. Qa6 Ne5 26. Nxe6 Re8 27. Nf4 Ra7 28. Qb6 Rd7 29. Qd4 g5 30. Nd5 Qe6 31. Nab6 Rf7 32. Ne3 f5 33. Qxd6 f4 34. Qxe6 Rxe6 35. Ned5 fxg3 36. hxg3 Ng4 37. f3 Nh6 38. Rd2 g4 39. f4 Nf5 40. Kg2 h5 41. Nc4 h4 42. gxh4 Nxh4+ 43. Kg3 Rg7 44. e4 Nf3 45. Rg2 Rh6 46. f5 Ne1 47. Rg1 Rh3+ 48. Kf2 Nd3+ 49. Ke2 Kf8 50. b4 Nb2 51. Nxb2 Rh2+ 52. Ke3 Rxb2 53. e5 g3 54. e6 g2 55. f6 Ra7 56. a4 Rxa4 57. Nc7 Rb3+ 58. Kd4 Rbxb4+ 59. Kc5 Rc4+ 60. Kd6 Rd4+ 61. Kc6 Rac4+ 62. Kb7 Re4 1/2-1/2

[Event "Olympiad-29"]
[Site "Novi Sad"]
[Date "1990.11.29"]
[Round "11"]
[White "Muco, Fatos"]
[Black "Yilmaz, Turhan"]
[Result "1-0"]
[WhiteElo "2440"]
[BlackElo "2370"]
[PlyCount "109"]
[EventDate "1990.11.17"]
[EventType "team-swiss"]
[EventRounds "14"]
[EventCountry "YUG"]
[SourceTitle "EXT 2019"]
[Source "ChessBase"]
[SourceDate "2018.10.10"]
[SourceVersion "1"]
[SourceVersionDate "2018.10.10"]
[SourceQuality "1"]
[WhiteTeam "Albania"]
[BlackTeam "Turkey"]
[WhiteTeamCountry "ALB"]
[BlackTeamCountry "TUR"]

1. d4 f5 2. Nf3 Nf6 3. c4 g6 4. g3 Bg7 5. Bg2 0-0 6. 0-0 d6 7. Nc3 c6 8. d5 e5 9. dxe6 Bxe6 10. Qd3 Na6 11. Bf4 d5 12. Ng5 Nc5 13. Qc2 d4 14. Na4 Nfd7 15. Rad1 Qe7 16. Nxc5 Nxc5 17. b4 Nd7 18. e3 Nb6 19. c5 Nd5 20. Nxe6 Qxe6 21. Bd6 dxe3 22. Bxf8 e2 23. Rfe1 exd1Q 24. Qxd1 Qf7 25. Bxg7 Kxg7 26. Bxd5 cxd5 27. Qd4+ Kg8 28. a4 a6 29. b5 axb5 30. axb5 Qd7 31. Kg2 Rd8 32. c6 bxc6 33. bxc6 Qd6 34. Rc1 Rc8 35. Rc5 Rxc6 36. Rxd5 Qf6 37. Rd8+ Kg7 38. Qa7+ Kh6 39. Rd7 g5 40. Rxh7+ Kg6 41. h4 gxh4 42. Rxh4 Qg7 43. Qa8 Rf6 44. Qe8+ Rf7 45. Rh8 Qd4 46. Rf8 Qd5+ 47. Kg1 Kf6 48. Rxf7+ Qxf7 49. Qxf7+ Kxf7 50. Kf1 Kg6 51. Ke2 Kh5 52. f3 Kg5 53. Kd3 Kf6 54. Kc4 Ke5 55. Kc5 1-0

[Event "Olympiad-29"]
[Site "Novi Sad"]
[Date "1990.11.26"]
[Round "9"]
[White "Muco, Fatos"]
[Black "Klinger, Josef"]
[Result "1/2-1/2"]
[WhiteElo "2440"]
[BlackElo "2520"]
[PlyCount "51"]
[EventDate "1990.11.17"]
[EventType "team-swiss"]
[EventRounds "14"]
[EventCountry "YUG"]
[SourceTitle "EXT 2019"]
[Source "ChessBase"]
[SourceDate "2018.10.10"]
[SourceVersion "1"]
[SourceVersionDate "2018.10.10"]
[SourceQuality "1"]
[WhiteTeam "Albania"]
[BlackTeam "Austria"]
[WhiteTeamCountry "ALB"]
[BlackTeamCountry "AUT"]

1. Nf3 c5 2. c4 e6 3. Nc3 Nf6 4. g3 Be7 5. Bg2 0-0 6. 0-0 a6 7. b3 d6 8. Bb2 Nbd7 9. e3 Rb8 10. Qe2 b5 11. d3 Bb7 12. Rfd1 Qb6 13. Rac1 Rfd8 14. Ba1 Rbc8 15. e4 Ne8 16. Nb1 Bf6 17. Bxf6 Nexf6 18. Nbd2 Nb8 19. e5 dxe5 20. Nxe5 Bxg2 21. Kxg2 Nc6 22. Nxc6 Qxc6+ 23. Kg1 Qb6 24. Nf3 h6 25. Qe3 Qa5 26. Qe2 1/2-1/2

[Event "Olympiad-29"]
[Site "Novi Sad"]
[Date "1990.11.24"]
[Round "7"]
[White "Illescas Cordoba, Miguel Angel"]
[Black "Muco, Fatos"]
[Result "1/2-1/2"]
[WhiteElo "2535"]
[BlackElo "2440"]
[PlyCount "160"]
[EventDate "1990.11.17"]
[EventType "team-swiss"]
[EventRounds "14"]
[EventCountry "YUG"]
[SourceTitle "EXT 2019"]
[Source "ChessBase"]
[SourceDate "2018.10.10"]
[SourceVersion "1"]
[SourceVersionDate "2018.10.10"]
[SourceQuality "1"]
[WhiteTeam "Spain"]
[BlackTeam "Albania"]
[WhiteTeamCountry "ESP"]
[BlackTeamCountry "ALB"]

1. c4 c5 2. Nf3 g6 3. d4 cxd4 4. Nxd4 Bg7 5. e4 Nc6 6. Be3 Nf6 7. Nc3 0-0 8. Be2 d6 9. 0-0 Bd7 10. Qd2 Nxd4 11. Bxd4 Bc6 12. f3 a5 13. b3 Nd7 14. Be3 Nc5 15. Rab1 Qb6 16. Rfc1 Rfe8 17. Rc2 Qd8 18. a3 e5 19. Bf1 Ne6 20. Rcc1 Nd4 21. Rd1 f5 22. exf5 Bxf3 23. fxg6 hxg6 24. Re1 Bc6 25. Qd1 Qh4 26. Bf2 Qg5 27. Ne4 Bxe4 28. Rxe4 Rf8 29. Be3 Qh5 30. Qxh5 gxh5 31. Bd3 Bf6 32. Bh6 Bg7 33. Bd2 Bf6 34. Re3 Kf7 35. Rh3 h4 36. Be1 Rh8 37. Be4 Ra7 38. Rb2 b6 39. Rf2 Kg7 40. Bd5 Bg5 41. a4 Rh6 42. Rb2 Kh8 43. Bf2 Kg7 44. Rb1 Rh8 45. Re1 Kf8 46. Re4 Rh6 47. Bxh4 Rg7 48. Kf1 Bxh4 49. Rexh4 Rxh4 50. Rxh4 Nxb3 51. Rh8+ Ke7 52. Rb8 Nc5 53. Rxb6 Nxa4 54. Ra6 Nc5 55. Rxa5 Kf6 56. Ra8 e4 57. Re8 Kf5 58. g3 Ra7 59. Kg2 Ra2+ 60. Kh3 Re2 61. g4+ Kf4 62. Rf8+ Kg5 63. Rf5+ Kh6 64. Rf6+ Kg5 65. Rf5+ Kh6 66. Kg3 Nd3 67. Rf6+ Kg5 68. Rf5+ Kh6 69. Rf7 Re3+ 70. Kh4 Ne5 71. g5+ Kg6 72. Rf6+ Kg7 73. Rxd6 Rf3 74. Rd8 Rf4+ 75. Kh5 e3 76. Rg8+ Kh7 77. g6+ Nxg6 78. Re8 Rf5+ 79. Kg4 Re5 80. Rxe5 Nxe5+ 1/2-1/2

[Event "Olympiad-29"]
[Site "Novi Sad"]
[Date "1990.11.18"]
[Round "2"]
[White "Muco, Fatos"]
[Black "Adianto, Utut"]
[Result "1-0"]
[WhiteElo "2440"]
[BlackElo "2495"]
[PlyCount "143"]
[EventDate "1990.11.17"]
[EventType "team-swiss"]
[EventRounds "14"]
[EventCountry "YUG"]
[SourceTitle "EXT 2019"]
[Source "ChessBase"]
[SourceDate "2018.10.10"]
[SourceVersion "1"]
[SourceVersionDate "2018.10.10"]
[SourceQuality "1"]
[WhiteTeam "Albania"]
[BlackTeam "Indonesia"]
[WhiteTeamCountry "ALB"]
[BlackTeamCountry "INA"]

1. Nf3 d5 2. d4 Nf6 3. c4 e6 4. Nc3 c6 5. cxd5 exd5 6. Bg5 Bf5 7. Bxf6 Qxf6 8. e3 Bd6 9. Bd3 Bxd3 10. Qxd3 Qg6 11. Qxg6 hxg6 12. h4 Nd7 13. g3 a5 14. 0-0-0 Nf6 15. Rhe1 Bb4 16. Nd2 0-0-0 17. a3 Be7 18. Kc2 Nd7 19. e4 dxe4 20. Rxe4 Bf8 21. Nc4 a4 22. Rf4 f5 23. d5 cxd5 24. Rxd5 Be7 25. Nxa4 Nf6 26. Rxd8+ Rxd8 27. Nc3 Ng4 28. f3 Nf6 29. Ne5 Bd6 30. Rc4+ Kb8 31. Rd4 Re8 32. Nd7+ Nxd7 33. Rxd6 Nf6 34. Kd2 Kc8 35. Ne2 Kc7 36. Rd4 Nd7 37. Rc4+ Kd6 38. Rb4 Kc7 39. Rc4+ Kd6 40. Rc3 Ne5 41. b3 b5 42. Nd4 Rb8 43. Nc2 Rf8 44. Ke3 Re8 45. Kf4 Rb8 46. Kg5 Rh8 47. Nd4 Kd5 48. Nxb5 f4 49. g4 Rf8 50. b4 Ke6 51. Nc7+ Kd7 52. Na6 Kd6 53. b5 Rf6 54. h5 Kd5 55. hxg6 Kd4 56. Rb3 Nxg6 57. Rb4+ Ke3 58. Nc7 Kxf3 59. Nd5 Rd6 60. Nxf4 Nh8 61. Rb3+ Ke4 62. Nh5 Nf7+ 63. Kh4 g6 64. b6 Rd8 65. b7 Rb8 66. Nf6+ Kf4 67. Rb4+ Kf3 68. Ne8 Nd8 69. Nd6 Ne6 70. Nf7 Ke3 71. a4 Nc5 72. a5 1-0

[Event "Nea Makri zt"]
[Site "Nea Makri"]
[Date "1990.??.??"]
[Round "?"]
[White "Muco, Fatos"]
[Black "Damljanovic, Branko"]
[Result "1-0"]
[WhiteElo "2440"]
[BlackElo "2535"]
[PlyCount "120"]
[EventDate "1990.06.??"]
[EventType "tourn"]
[EventRounds "15"]
[EventCountry "GRE"]
[SourceTitle "EXT 1999"]
[Source "ChessBase"]
[SourceDate "1998.11.16"]
[SourceVersion "1"]
[SourceVersionDate "1998.11.16"]
[SourceQuality "1"]

1. Nf3 Nf6 2. c4 g6 3. Nc3 Bg7 4. g3 0-0 5. Bg2 d5 6. cxd5 Nxd5 7. 0-0 c5 8. Nxd5 Qxd5 9. d3 Nc6 10. a3 Qd6 11. Rb1 Bd7 12. Nd2 b6 13. Nc4 Qe6 14. b4 cxb4 15. axb4 Rac8 16. Bb2 Bxb2 17. Rxb2 Nd4 18. Qd2 Bb5 19. Na3 Bc6 20. Nc4 Rfd8 21. Qe3 Qxe3 22. fxe3 Bxg2 23. Kxg2 Nb5 24. e4 Kg7 25. Ne5 f6 26. Nc4 Rd7 27. g4 Nd4 28. Ra2 b5 29. Ne3 e6 30. Rfa1 Rcc7 31. Kf2 Kf7 32. Ke1 g5 33. Kd1 Kg6 34. Nc2 Nc6 35. Kd2 h5 36. h3 hxg4 37. hxg4 Rh7 38. Ra3 Rhd7 39. Rc3 Ne5 40. Rxc7 Rxc7 41. Nd4 Re7 42. Ra6 Nxg4 43. Nxe6 Ne5 44. Nd4 Rb7 45. Ke3 Ng4+ 46. Kf3 Ne5+ 47. Kg3 Rc7 48. Nxb5 Rb7 49. Nc3 Rb6 50. Rxa7 Rxb4 51. Nd5 Rb2 52. Ne7+ Kh5 53. Ra1 g4 54. Kf4 Ng6+ 55. Nxg6 Kxg6 56. Re1 Kh5 57. Rh1+ Kg6 58. Rh2 Rb4 59. Rh8 f5 60. Re8 fxe4 1-0

[Event "Nea Makri zt"]
[Site "Nea Makri"]
[Date "1990.??.??"]
[Round "?"]
[White "Muco, Fatos"]
[Black "Popovic, Petar"]
[Result "1/2-1/2"]
[WhiteElo "2440"]
[BlackElo "2520"]
[PlyCount "37"]
[EventDate "1990.06.??"]
[EventType "tourn"]
[EventRounds "15"]
[EventCountry "GRE"]
[SourceTitle "EXT 1999"]
[Source "ChessBase"]
[SourceDate "1998.11.16"]
[SourceVersion "1"]
[SourceVersionDate "1998.11.16"]
[SourceQuality "1"]

1. Nf3 Nf6 2. c4 g6 3. Nc3 Bg7 4. d4 d5 5. Bg5 Ne4 6. Bh4 Nxc3 7. bxc3 dxc4 8. Qa4+ Qd7 9. Qxc4 b6 10. e3 Ba6 11. Qb3 Bxf1 12. Kxf1 0-0 13. Ke2 Nc6 14. Rhd1 Na5 15. Qb4 Rfe8 16. Rac1 Rac8 17. Kf1 Qf5 18. Bg3 c5 19. Qb5 1/2-1/2

[Event "Nea Makri zt"]
[Site "Nea Makri"]
[Date "1990.??.??"]
[Round "?"]
[White "Skembris, Spyridon"]
[Black "Muco, Fatos"]
[Result "1/2-1/2"]
[WhiteElo "2470"]
[BlackElo "2440"]
[PlyCount "35"]
[EventDate "1990.06.??"]
[EventType "tourn"]
[EventRounds "15"]
[EventCountry "GRE"]
[SourceTitle "EXT 1999"]
[Source "ChessBase"]
[SourceDate "1998.11.16"]
[SourceVersion "1"]
[SourceVersionDate "1998.11.16"]
[SourceQuality "1"]

1. d4 d5 2. Nf3 e6 3. c4 c5 4. cxd5 exd5 5. g3 Nc6 6. Bg2 Nf6 7. 0-0 Be7 8. Nc3 0-0 9. Bg5 cxd4 10. Nxd4 h6 11. Be3 Re8 12. Qa4 Bd7 13. Rad1 Nb4 14. Qb3 a5 15. a4 Rc8 16. Rd2 Bc5 17. Rfd1 Qb6 18. Bf3 1/2-1/2

[Event "Kavala Zonal5"]
[Site "Kavala"]
[Date "1985.02.04"]
[Round "10"]
[White "Skalkotas, Nikolaos"]
[Black "Muco, Fatos"]
[Result "0-1"]
[WhiteElo "2375"]
[BlackElo "2415"]
[PlyCount "66"]
[EventDate "1985.01.25"]
[EventType "tourn"]
[EventRounds "15"]
[EventCountry "GRE"]
[EventCategory "7"]
[SourceTitle "EXT 2014"]
[Source "ChessBase"]
[SourceDate "2013.11.20"]
[SourceVersion "1"]
[SourceVersionDate "2013.11.20"]
[SourceQuality "1"]

1. Nf3 Nf6 2. c4 e6 3. g3 d5 4. Bg2 Be7 5. 0-0 0-0 6. d4 Nbd7 7. Qc2 c6 8. b3 b6 9. Rd1 Bb7 10. Nc3 Rc8 11. e4 dxe4 12. Ng5 h6 13. Ngxe4 Nxe4 14. Nxe4 Nf6 15. Bf4 Qd7 16. c5 Nxe4 17. Bxe4 Rfd8 18. h4 Ba6 19. Rac1 Qb7 20. h5 Rd7 21. Qc3 Be2 22. Rd2 Bxh5 23. Kg2 f6 24. Rh1 Be8 25. Bb1 bxc5 26. Qc2 f5 27. Re1 Bf7 28. dxc5 Rxd2 29. Bxd2 Qd7 30. Be3 Qd5+ 31. Kg1 Bh5 32. b4 Rd8 33. Qa4 Bf3 0-1

[Event "Kavala Zonal5"]
[Site "Kavala"]
[Date "1985.02.02"]
[Round "8"]
[White "Cebalo, Miso"]
[Black "Muco, Fatos"]
[Result "1-0"]
[WhiteElo "2485"]
[BlackElo "2415"]
[PlyCount "107"]
[EventDate "1985.01.25"]
[EventType "tourn"]
[EventRounds "15"]
[EventCountry "GRE"]
[EventCategory "7"]
[SourceTitle "EXT 2014"]
[Source "ChessBase"]
[SourceDate "2013.11.20"]
[SourceVersion "1"]
[SourceVersionDate "2013.11.20"]
[SourceQuality "1"]

1. d4 d5 2. c4 e6 3. Nc3 Nf6 4. Bg5 c6 5. e3 Nbd7 6. cxd5 exd5 7. Bd3 Be7 8. Qc2 0-0 9. Nge2 Re8 10. h3 Nf8 11. 0-0-0 Be6 12. Kb1 Rc8 13. g4 Ne4 14. Bxe7 Qxe7 15. Nf4 Nd6 16. f3 b5 17. e4 dxe4 18. fxe4 Bc4 19. e5 Bxd3 20. Qxd3 Nc4 21. Ne4 Red8 22. Qc3 Ne6 23. Nh5 Kh8 24. Nhg3 c5 25. Nf5 cxd4 26. Nxe7 dxc3 27. Nxc8 c2+ 28. Kxc2 Ne3+ 29. Kb3 Rxd1 30. Rxd1 Nxd1 31. Nxa7 Kg8 32. Nxb5 Kf8 33. a4 Ke7 34. Ka3 Ne3 35. Ned6 f6 36. exf6+ gxf6 37. a5 Kd7 38. a6 Nd5 39. a7 Nb6 40. Ne4 Kc6 41. Kb4 Nd5+ 42. Ka5 Kb7 43. h4 Nd8 44. Nbc3 Ne3 45. Nxf6 Nc6+ 46. Ka4 Ne5 47. g5 Nf3 48. Nxh7 Nxh4 49. Nb5 Ng6 50. Nf6 Ne5 51. Kb4 Nf5 52. Ne8 Ne7 53. Kc5 N5c6 54. Ned6+ 1-0

[Event "Kavala Zonal5"]
[Site "Kavala"]
[Date "1985.01.25"]
[Round "1"]
[White "Muco, Fatos"]
[Black "Kurajica, Bojan"]
[Result "1/2-1/2"]
[WhiteElo "2415"]
[BlackElo "2535"]
[PlyCount "41"]
[EventDate "1985.01.25"]
[EventType "tourn"]
[EventRounds "15"]
[EventCountry "GRE"]
[EventCategory "7"]
[SourceTitle "EXT 2014"]
[Source "ChessBase"]
[SourceDate "2013.11.20"]
[SourceVersion "1"]
[SourceVersionDate "2013.11.20"]
[SourceQuality "1"]

1. d4 Nf6 2. Nf3 c5 3. dxc5 Qa5+ 4. Nbd2 e6 5. e3 Bxc5 6. Be2 Be7 7. 0-0 Qc7 8. c4 0-0 9. b3 b6 10. Bb2 Bb7 11. Rc1 d6 12. Nd4 Nbd7 13. Bf3 a6 14. Bxb7 Qxb7 15. Qf3 Qxf3 16. N2xf3 Rfc8 17. Rfd1 Ra7 18. Ne1 Rac7 19. Nd3 Bf8 20. Kf1 g6 21. Ne2 1/2-1/2

[Event "Olympiad-26"]
[Site "Thessaloniki"]
[Date "1984.12.02"]
[Round "13"]
[White "Smejkal, Jan"]
[Black "Muco, Fatos"]
[Result "1-0"]
[WhiteElo "2545"]
[BlackElo "2430"]
[PlyCount "65"]
[EventDate "1984.11.19"]
[EventType "team-swiss"]
[EventRounds "14"]
[EventCountry "GRE"]
[SourceTitle "EXT 1997"]
[Source "ChessBase"]
[SourceDate "1996.11.15"]
[SourceVersion "1"]
[SourceVersionDate "1996.11.15"]
[SourceQuality "1"]
[WhiteTeam "Czechoslovakia"]
[BlackTeam "Albania"]
[WhiteTeamCountry "CSR"]
[BlackTeamCountry "ALB"]

1. e4 c5 2. Nf3 Nc6 3. d4 cxd4 4. Nxd4 g6 5. c4 Nf6 6. Nc3 Nxd4 7. Qxd4 d6 8. Be2 Bg7 9. 0-0 0-0 10. Qd3 Be6 11. Be3 a6 12. b3 Qa5 13. Bd4 Nd7 14. f4 Bxd4+ 15. Qxd4 f6 16. Kh1 Rac8 17. Nd5 Rfe8 18. Qb2 Qc5 19. Rad1 a5 20. Rd3 Nf8 21. Qd2 Bf7 22. Bg4 Rb8 23. a4 b6 24. Rg3 Kg7 25. e5 Rbd8 26. exf6+ exf6 27. Nxf6 Kxf6 28. Qc3+ Ke7 29. Re3+ Qxe3 30. Qxe3+ Be6 31. f5 gxf5 32. Bxf5 Kd7 33. Qxb6 1-0

[Event "Olympiad-26"]
[Site "Thessaloniki"]
[Date "1984.11.27"]
[Round "8"]
[White "Muco, Fatos"]
[Black "Small, Vernon A"]
[Result "1/2-1/2"]
[WhiteElo "2430"]
[BlackElo "2330"]
[PlyCount "30"]
[EventDate "1984.11.19"]
[EventType "team-swiss"]
[EventRounds "14"]
[EventCountry "GRE"]
[SourceTitle "EXT 1997"]
[Source "ChessBase"]
[SourceDate "1996.11.15"]
[SourceVersion "1"]
[SourceVersionDate "1996.11.15"]
[SourceQuality "1"]
[WhiteTeam "Albania"]
[BlackTeam "New Zealand"]
[WhiteTeamCountry "ALB"]
[BlackTeamCountry "NZL"]

1. d4 Nf6 2. Nf3 e6 3. c4 b6 4. g3 Ba6 5. b3 Bb4+ 6. Bd2 Be7 7. Bg2 c6 8. 0-0 d5 9. Bc3 0-0 10. Nbd2 Nbd7 11. Re1 c5 12. e4 dxe4 13. Nxe4 Nxe4 14. Rxe4 Bb7 15. Re1 Bf6 1/2-1/2

[Event "Olympiad-25"]
[Site "Luzern"]
[Date "1982.11.09"]
[Round "10"]
[White "Hoelzl, Franz"]
[Black "Muco, Fatos"]
[Result "1-0"]
[WhiteElo "2405"]
[BlackElo "2445"]
[PlyCount "69"]
[EventDate "1982.10.30"]
[EventType "team-swiss"]
[EventRounds "14"]
[EventCountry "SUI"]
[SourceTitle "EXT 1997"]
[Source "ChessBase"]
[SourceDate "1996.11.15"]
[SourceVersion "1"]
[SourceVersionDate "1996.11.15"]
[SourceQuality "1"]
[WhiteTeam "Austria"]
[BlackTeam "Albania"]
[WhiteTeamCountry "AUT"]
[BlackTeamCountry "ALB"]

1. c4 Nf6 2. Nc3 c5 3. Nf3 e6 4. d4 cxd4 5. Nxd4 d6 6. g3 Be7 7. Bg2 a6 8. 0-0 0-0 9. b3 Qc7 10. Bb2 Nc6 11. Rc1 Nxd4 12. Qxd4 Rb8 13. Qa7 Bd7 14. Rfd1 Qc5 15. Qxc5 dxc5 16. Ne4 Rfd8 17. Be5 Rbc8 18. Bd6 Bc6 19. Bxc5 Nxe4 20. Bxe7 Rxd1+ 21. Rxd1 f6 22. Bb4 e5 23. Bh3 Ra8 24. Bd7 a5 25. Be6+ Kh8 26. Bxa5 g6 27. Rd8+ Rxd8 28. Bxd8 Kg7 29. Ba5 f5 30. f3 Nc5 31. Bc8 Kf7 32. Kf2 Nd7 33. Bc7 Ke6 34. a4 e4 35. a5 1-0

[Event "Olympiad-25"]
[Site "Luzern"]
[Date "1982.11.01"]
[Round "3"]
[White "Frey Beckman, Kenneth"]
[Black "Muco, Fatos"]
[Result "0-1"]
[WhiteElo "2480"]
[BlackElo "2445"]
[PlyCount "112"]
[EventDate "1982.10.30"]
[EventType "team-swiss"]
[EventRounds "14"]
[EventCountry "SUI"]
[SourceTitle "EXT 1997"]
[Source "ChessBase"]
[SourceDate "1996.11.15"]
[SourceVersion "1"]
[SourceVersionDate "1996.11.15"]
[SourceQuality "1"]
[WhiteTeam "Mexico"]
[BlackTeam "Albania"]
[WhiteTeamCountry "MEX"]
[BlackTeamCountry "ALB"]

1. Nf3 Nf6 2. c4 e6 3. d4 Bb4+ 4. Bd2 Qe7 5. g3 0-0 6. Bg2 Bxd2+ 7. Qxd2 d6 8. Nc3 e5 9. 0-0 Re8 10. Rad1 e4 11. Ng5 Bf5 12. f3 e3 13. Qc1 c5 14. dxc5 dxc5 15. Nge4 Bxe4 16. Nxe4 Nxe4 17. fxe4 Nc6 18. Qxe3 Rad8 19. e5 Qxe5 20. Qxe5 Nxe5 21. Bxb7 Rb8 22. Bd5 Rxb2 23. Rb1 Reb8 24. Rxb2 Rxb2 25. a3 Kf8 26. Rc1 Rb3 27. Ra1 Ke7 28. Ra2 f6 29. Kg2 Ng4 30. Bg8 h6 31. Bh7 Ne3+ 32. Kf2 f5 33. Bg8 Ng4+ 34. Kg2 Nf6 35. Bd5 Nxd5 36. cxd5 Kd6 37. a4 a5 38. Kf2 g5 39. Ke1 Rb4 40. Kd2 Kxd5 41. Kc3 Rc4+ 42. Kb3 Re4 43. Rd2+ Rd4 44. Rc2 h5 45. Ka3 h4 46. Rc3 h3 47. Rf3 Ke4 48. Rc3 Rd2 49. Rxc5 Rxe2 50. Rxa5 Rxh2 51. Ra8 Rg2 52. a5 Rxg3+ 53. Kb4 Rg1 54. Rh8 g4 55. a6 Ra1 56. Kb5 f4 0-1